00498nam a2200193Ia 4500003000400000005001700004008004100021020002200062040000700084041000800091082002100099100002600120245004900146260004300195300001800238365001300256440001700269650001800286OSt20230323115013.0210423s2015 xx 000 0 und d a978-93-85436-37-6 cAL aeng a822.3 223bMARE aMARLOWE (Christopher) aEdward IIcMartin Wiggins and Robert Lindsey aNew DelhibBloomsbury Publishingc2015 axxxiv,134bPB b199cINR aNew mermaids aEnglish Drama